ইতিহাসের বিতর্কে গজনির সুলতান মাহমুদ ও ভারত অভিযান : (Record no. 12988)
[ view plain ]
| 000 -LEADER | |
|---|---|
| fixed length control field | 01144nam a2200253 a 4500 |
| 001 - CONTROL NUMBER | |
| JCCL Control Number | 12988 |
| 003 - CONTROL NUMBER IDENTIFIER | |
| JCCL marc code | BD-JhCC |
| 005 - DATE AND TIME OF LATEST TRANSACTION | |
| control field | 20230625082834.0 |
| 008 - FIXED-LENGTH DATA ELEMENTS--GENERAL INFORMATION | |
| fixed length control field | 230611s2022 bg a|||| |||| 001 0 ben d |
| 020 ## - INTERNATIONAL STANDARD BOOK NUMBER | |
| International Standard Book Number | 9789849609353 |
| 035 ## - SYSTEM CONTROL NUMBER | |
| system control number | (BD-JhCC)12988 |
| 040 ## - CATALOGING SOURCE | |
| Original cataloging agency | BD-JhCC |
| Modifying agency | BD-JhCC |
| 041 ## - LANGUAGE CODE | |
| Language code of Book | eng |
| 082 ## - DEWEY DECIMAL CLASSIFICATION NUMBER | |
| Classification number | 954.0220924 |
| Author mark and Year | RAH 2022 |
| 100 ## - MAIN ENTRY--PERSONAL NAME | |
| Personal name | রহমান, সরদার আবদুর |
| 245 ## - TITLE STATEMENT | |
| Title | ইতিহাসের বিতর্কে গজনির সুলতান মাহমুদ ও ভারত অভিযান : |
| Remainder of title | বাংলায় প্রথম পূর্ণাঙ্গ জীবনীগ্রন্থ / |
| Statement of responsibility, etc | সরদার আবদুর রহমান |
| 260 ## - PUBLICATION, DISTRIBUTION, ETC. (IMPRINT) | |
| Place of publication, distribution, etc | ঢাকা : |
| Name of publisher, distributor, etc | দিব্য প্রকাশ, |
| Date of publication, distribution, etc | ২০২২ |
| 300 ## - PHYSICAL DESCRIPTION | |
| Pagination | ৩২০ পৃ. : |
| Other physical details | চিত্রাবলী সংবলীত; |
| Dimensions | ২১ সেমি. |
| 504 ## - BIBLIOGRAPHY, ETC. NOTE | |
| Bibliography, etc | গ্রন্থপঞ্জি ও নির্ঘন্ট অন্তর্ভূক্ত। |
| 600 ## - SUBJECT ADDED ENTRY--PERSONAL NAME | |
| Personal name | Mahmud, Sultan of Ghazni |
| Dates associated with a name | 971-1030 |
| 650 ## - SUBJECT ADDED ENTRY--TOPICAL TERM | |
| Topical term or geographic name as entry element | Sultans |
| Geographic subdivision | India |
| 650 ## - SUBJECT ADDED ENTRY--TOPICAL TERM | |
| Topical term or geographic name as entry element | Pushto literature |
| 942 ## - ADDED ENTRY ELEMENTS (KOHA) | |
| Source of classification or shelving scheme | Dewey Decimal Classification |
| Koha item type | Books |
| Source of classification or shelving scheme | Damaged status | Not for loan | Home library | Current library | Shelving location | Date of accession | Cost, normal purchase price | Total Checkouts | Full call number | Barcode | Date last seen | Date checked out | Copy number | Method of acquisition | Koha item type | Currency |
|---|---|---|---|---|---|---|---|---|---|---|---|---|---|---|---|---|
| Dewey Decimal Classification | JCC Rouf Library | JCC Rouf Library | General Stacks | 06/11/2023 | 360.00 | 1 | 954.0220924 RAH 2022 | 17652 | 07/23/2023 | 07/23/2023 | C-1 | Purchase | Books | BDT |